[Event "Charlotte Spring GMA 2024"]
[Site "Charlotte"]
[Date "2024.03.27"]
[Round "1"]
[White "Cruz, Cristhian"]
[Black "Wang, Tianqi"]
[Result "1-0"]
[WhiteElo "2487"]
[BlackElo "2344"]
[PlyCount "87"]
[EventDate "2024.03.27"]
[EventType "tourn"]
[EventRounds "9"]
[EventCountry "USA"]
[EventCategory "6"]
[SourceTitle "CB14_2024"]
[SourceDate "2024.04.01"]
[SourceVersion "1"]
[SourceVersionDate "2024.04.01"]
[SourceQuality "1"]

1. c4 c5 2. Nc3 g6 3. g3 Bg7 4. Bg2 Nc6 5. d3 d6 6. e4 Nf6 7. Nge2 0-0 8. 0-0 Ne8 9. Be3 e5 10. f4 exf4 11. Nxf4 Nc7 12. Qd2 Rb8 13. h3 a6 14. Rf2 Be6 15. Raf1 Qd7 16. Kh2 b5 17. b3 Nd4 18. Nce2 Nxe2 19. Nxe2 Be5 20. Ng1 Bg7 21. Nf3 a5 22. Qxa5 b4 23. e5 Rfc8 24. exd6 Ra8 25. Qxc5 Nd5 26. cxd5 Rxc5 27. dxe6 Qxd6 28. exf7+ Kh8 29. Bxc5 Qxc5 30. Ng5 Rf8 31. Ne6 Qe5 32. Nxf8 Bxf8 33. Be4 Kg7 34. h4 Qd4 35. Kg2 Qe3 36. Rf3 Qd4 37. h5 gxh5 38. Rf5 Qe3 39. R1f3 Qd2+ 40. Rf2 Qh6 41. R2f4 Qg6 42. Rh4 Qa6 43. Rhxh5 h6 44. Rh4 1-0

[Event "Panama op 4th"]
[Site "Panama City"]
[Date "2023.11.10"]
[Round "9"]
[White "Cruz, Cristhian"]
[Black "Mitkov, Nikola"]
[Result "1/2-1/2"]
[WhiteElo "2498"]
[BlackElo "2389"]
[PlyCount "163"]
[EventDate "2023.11.06"]
[EventType "swiss"]
[EventRounds "9"]
[EventCountry "PAN"]
[SourceTitle "CB46_2023"]
[SourceDate "2023.11.15"]
[SourceVersion "1"]
[SourceVersionDate "2023.11.15"]
[SourceQuality "1"]

1. d4 d5 2. c4 e6 3. Nc3 Bb4 4. Nf3 Nf6 5. cxd5 exd5 6. Bg5 h6 7. Bh4 Nbd7 8. e3 g5 9. Bg3 Ne4 10. Nd2 Nxg3 11. hxg3 c6 12. Qc2 Nb6 13. Bd3 Be6 14. a3 Be7 15. 0-0-0 Qc7 16. Kb1 0-0-0 17. Rh5 Bf8 18. Rdh1 Qe7 19. Nb3 Qf6 20. f4 gxf4 21. gxf4 Kb8 22. f5 Bc8 23. g4 Rg8 24. Qh2+ Qd6 25. Qh3 Qc7 26. Rc1 a6 27. Qf3 Ka7 28. Nc5 Bxc5 29. dxc5 Nd7 30. Be2 Nf6 31. Rh4 Qe7 32. Qf4 Rg5 33. Rxh6 Rdg8 34. Rh4 Nd7 35. e4 d4 36. Na4 R5g7 37. Rhh1 Qe5 38. Qxe5 Nxe5 39. Rcd1 d3 40. Bxd3 Nxg4 41. Rd2 Ne5 42. Bc2 Kb8 43. Nb6 Kc7 44. Rhd1 Rg1 45. Rxg1 Rxg1+ 46. Ka2 Bd7 47. Rh2 Rg8 48. Rh7 Kd8 49. Bb3 Be8 50. Rh2 Rg4 51. Rd2+ Kc7 52. Bc2 Rh4 53. Rg2 Kd8 54. b4 Rh3 55. Kb2 Re3 56. Rd2+ Kc7 57. Rd4 Nf3 58. Rd3 Rxd3 59. Bxd3 Ne5 60. Kc3 f6 61. Nc4 Nd7 62. Be2 Bf7 63. Nd6 Ne5 64. Kd4 b5 65. Ke3 Kd7 66. Nb7 Kc7 67. Na5 Kd7 68. Bd1 Kc7 69. Kd4 Ba2 70. Bh5 Bg8 71. Be8 Ba2 72. Bg6 Bg8 73. Bh5 Ba2 74. Be8 Bg8 75. Bxc6 Nxc6+ 76. Nxc6 Kxc6 77. e5 fxe5+ 78. Kxe5 Kd7 79. Kf6 Bh7 80. Ke5 Bg8 81. Kf6 Bh7 82. Ke5 1/2-1/2

[Event "Panama op 4th"]
[Site "Panama City"]
[Date "2023.11.07"]
[Round "2"]
[White "Batista Rosas, Nicolas Arturo"]
[Black "Cruz, Cristhian"]
[Result "1/2-1/2"]
[WhiteElo "1930"]
[BlackElo "2498"]
[PlyCount "40"]
[EventDate "2023.11.06"]
[EventType "swiss"]
[EventRounds "9"]
[EventCountry "PAN"]
[SourceTitle "CB46_2023"]
[SourceDate "2023.11.15"]
[SourceVersion "1"]
[SourceVersionDate "2023.11.15"]
[SourceQuality "1"]

1. d4 e6 2. c4 Bb4+ 3. Nc3 Nf6 4. f3 0-0 5. a3 Bxc3+ 6. bxc3 d5 7. Bg5 Nbd7 8. e4 dxe4 9. fxe4 h6 10. Bxf6 Nxf6 11. e5 Nd7 12. Nf3 c5 13. Bd3 Qa5 14. 0-0 Qxc3 15. Rc1 Qxa3 16. d5 b5 17. Ra1 Qc3 18. Rc1 Qa3 19. Ra1 Qc3 20. Rc1 Qa3 1/2-1/2

[Event "Sunnyvale 1000 GM 10"]
[Site "Sunnyvale"]
[Date "2023.10.15"]
[Round "9"]
[White "Yan, Nathan"]
[Black "Cruz, Cristhian"]
[Result "0-1"]
[WhiteElo "2089"]
[BlackElo "2508"]
[PlyCount "72"]
[EventDate "2023.10.06"]
[EventType "schev"]
[EventRounds "10"]
[EventCountry "USA"]
[SourceTitle "Mega2024 Update 01"]
[Source "Chessbase"]
[SourceDate "2023.11.12"]
[SourceVersion "1"]
[SourceVersionDate "2023.11.12"]
[SourceQuality "1"]

1. e4 e5 2. Nf3 Nc6 3. Bb5 a6 4. Ba4 Nf6 5. 0-0 b5 6. Bb3 Bc5 7. c3 d6 8. a4 Rb8 9. d4 Bb6 10. a5 Ba7 11. h3 0-0 12. Be3 exd4 13. cxd4 h6 14. Nbd2 Nb4 15. Qb1 Re8 16. Re1 c5 17. dxc5 dxc5 18. Rd1 Qc7 19. e5 Nfd5 20. Ne4 c4 21. Bxa7 Qxa7 22. Bc2 Nf4 23. Nd6 Rf8 24. Nd4 Qe7 25. Bh7+ Kh8 26. Qe4 Nfd3 27. Rxd3 cxd3 28. N4f5 Bxf5 29. Bxf5 Rbd8 30. Rd1 Rxd6 31. exd6 Qxd6 32. Qf3 Rd8 33. Rd2 g6 34. Be4 Kg7 35. Qe3 Re8 36. Qf3 Qe5 0-1

[Event "Sunnyvale 1000 GM 10"]
[Site "Sunnyvale"]
[Date "2023.10.08"]
[Round "5"]
[White "Cruz, Cristhian"]
[Black "Yu, Jiangwei"]
[Result "1/2-1/2"]
[WhiteElo "2508"]
[BlackElo "2328"]
[PlyCount "37"]
[EventDate "2023.10.06"]
[EventType "schev"]
[EventRounds "10"]
[EventCountry "USA"]
[SourceTitle "Mega2024 Update 01"]
[Source "Chessbase"]
[SourceDate "2023.11.12"]
[SourceVersion "1"]
[SourceVersionDate "2023.11.12"]
[SourceQuality "1"]

1. d4 d5 2. c4 c6 3. Nc3 Nf6 4. e3 a6 5. Nf3 Bf5 6. Qb3 b5 7. cxd5 cxd5 8. a4 b4 9. Qxb4 Nc6 10. Qc5 Bd7 11. Ne5 e6 12. Nxc6 Qc7 13. Ne7 Qxc5 14. dxc5 Bxe7 15. b4 a5 16. bxa5 Bxc5 17. Bd2 0-0 18. Bb5 Bb4 19. Ke2 1/2-1/2

[Event "South America-ch 1st"]
[Site "Lima"]
[Date "2023.09.19"]
[Round "6"]
[White "Vera Siguenas, Deivy Anthoni"]
[Black "Cruz, Cristhian"]
[Result "1/2-1/2"]
[WhiteElo "2463"]
[BlackElo "2495"]
[PlyCount "47"]
[EventDate "2023.09.14"]
[EventType "swiss"]
[EventRounds "9"]
[EventCountry "PER"]
[SourceTitle "EXT 2024"]
[Source "ChessBase"]
[SourceDate "2023.10.10"]
[SourceVersion "1"]
[SourceVersionDate "2023.10.10"]
[SourceQuality "1"]

1. d4 d5 2. c4 e6 3. Nf3 Nf6 4. g3 dxc4 5. Bg2 c5 6. 0-0 Nc6 7. Ne5 Bd7 8. Na3 cxd4 9. Naxc4 Be7 10. Bf4 Rc8 11. Nxd7 Qxd7 12. Ne5 Nxe5 13. Bxe5 Qb5 14. Qxd4 0-0 15. Bf3 Rfd8 16. Qf4 Rc4 17. Qe3 Nd5 18. Qb3 Rb4 19. Qc2 Ne3 20. Qc7 Rd7 21. Qc8+ Rd8 22. Qc7 Rd7 23. Qc8+ Rd8 24. Qc7 1/2-1/2

[Event "South America-ch Rapid 1st"]
[Site "Lima"]
[Date "2023.09.17"]
[Round "5"]
[White "Cori, Jorge Moise"]
[Black "Cruz, Cristhian"]
[Result "1-0"]
[WhiteElo "2627"]
[BlackElo "2495"]
[PlyCount "89"]
[EventDate "2023.09.16"]
[EventType "swiss (rapid)"]
[EventRounds "9"]
[EventCountry "PER"]
[SourceTitle "EXT 2024"]
[Source "ChessBase"]
[SourceDate "2023.10.10"]
[SourceVersion "1"]
[SourceVersionDate "2023.10.10"]
[SourceQuality "1"]

1. d4 Nf6 2. Nf3 d5 3. e3 g6 4. Be2 Bg7 5. 0-0 0-0 6. a4 a5 7. c4 c6 8. Nc3 Na6 9. b3 Bg4 10. Ba3 Re8 11. Rc1 e6 12. h3 Bxf3 13. Bxf3 Nb4 14. Qd2 Bf8 15. Bb2 Bg7 16. Rfd1 Qe7 17. Ba3 dxc4 18. bxc4 Rad8 19. Rb1 e5 20. d5 e4 21. Be2 Qc5 22. Na2 cxd5 23. Nxb4 axb4 24. Qxb4 Qxb4 25. Bxb4 dxc4 26. Bxc4 Rxd1+ 27. Rxd1 Rc8 28. Be7 h5 29. Bb5 Rc2 30. g3 Rb2 31. Rd8+ Kh7 32. Bxf6 Bxf6 33. Rd7 h4 34. Rxf7+ Bg7 35. gxh4 b6 36. Re7 Rb4 37. Re6 Bc3 38. Be8 Be1 39. Kf1 Rb1 40. Bxg6+ Kg7 41. Bxe4 Ra1 42. Rxb6 Ba5+ 43. Rb1 Rxa4 44. Rb7+ Kf6 45. Ra7 1-0

[Event "South America-ch Rapid 1st"]
[Site "Lima"]
[Date "2023.09.17"]
[Round "6"]
[White "Cruz, Cristhian"]
[Black "Tomiello, Lucas Costamilan"]
[Result "1-0"]
[WhiteElo "2495"]
[BlackElo "2253"]
[PlyCount "75"]
[EventDate "2023.09.16"]
[EventType "swiss (rapid)"]
[EventRounds "9"]
[EventCountry "PER"]
[SourceTitle "EXT 2024"]
[Source "ChessBase"]
[SourceDate "2023.10.10"]
[SourceVersion "1"]
[SourceVersionDate "2023.10.10"]
[SourceQuality "1"]

1. c4 Nf6 2. Nc3 g6 3. e4 d6 4. d4 Bg7 5. h3 Nbd7 6. Nf3 e5 7. d5 Nc5 8. Qc2 a5 9. Be3 h5 10. Be2 b6 11. 0-0-0 Bh6 12. Bxh6 Rxh6 13. Qd2 Rh8 14. Qe3 h4 15. b3 Nh5 16. Kb2 Nf4 17. Bf1 Bd7 18. g3 hxg3 19. fxg3 Nh5 20. Nd2 Qe7 21. Be2 Ng7 22. a3 f5 23. Rdf1 fxe4 24. g4 Nf5 25. gxf5 gxf5 26. b4 axb4 27. axb4 f4 28. Qg1 Na4+ 29. Nxa4 Rxa4 30. Nxe4 Rxb4+ 31. Kc3 Ra4 32. Qg6+ Kd8 33. Bg4 Kc8 34. Ra1 Rxa1 35. Rxa1 Kb7 36. c5 dxc5 37. Bxd7 Qxd7 38. Nxc5+ 1-0

[Event "South America-ch Rapid 1st"]
[Site "Lima"]
[Date "2023.09.16"]
[Round "1"]
[White "Palomino Quispe, Mateo Henry"]
[Black "Cruz, Cristhian"]
[Result "0-1"]
[WhiteElo "1548"]
[BlackElo "2495"]
[PlyCount "114"]
[EventDate "2023.09.16"]
[EventType "swiss (rapid)"]
[EventRounds "9"]
[EventCountry "PER"]
[SourceTitle "EXT 2024"]
[Source "ChessBase"]
[SourceDate "2023.10.10"]
[SourceVersion "1"]
[SourceVersionDate "2023.10.10"]
[SourceQuality "1"]

1. d4 e6 2. Nf3 c5 3. c4 cxd4 4. Nxd4 Nf6 5. Nc3 a6 6. g3 Qc7 7. Qd3 Nc6 8. Nxc6 bxc6 9. Bg2 Be7 10. 0-0 0-0 11. h3 a5 12. Bf4 e5 13. Be3 Ba6 14. Ne4 d5 15. Nxf6+ Bxf6 16. Qc2 d4 17. Bd2 Rab8 18. Qa4 Rxb2 19. Bxa5 Qc8 20. Rfe1 Qe6 21. Rac1 e4 22. Qa3 Rb7 23. Bb4 Ra8 24. Bc5 Rbb8 25. Qa4 Qe5 26. Rb1 Rxb1 27. Rxb1 Qxc5 28. Bxe4 g6 29. Bxc6 Bb7 30. Qb5 Qxc6 31. Qxb7 Qxb7 32. Rxb7 Rxa2 33. Kf1 Rc2 34. Rc7 Kg7 35. f4 h5 36. c5 Rc1+ 37. Kg2 Rc2 38. Kf3 Rc3+ 39. Kg2 h4 40. g4 Rg3+ 41. Kf2 g5 42. f5 Rxh3 43. c6 Rc3 44. Rc8 h3 45. c7 Be5 46. Rd8 h2 47. c8Q Rxc8 48. Rxc8 h1Q 49. Re8 Qh2+ 50. Kf3 Qf4+ 51. Kg2 Qxg4+ 52. Kf2 Bg3+ 53. Kf1 Qf4+ 54. Kg2 g4 55. f6+ Kxf6 56. Rh8 Qf2+ 57. Kh1 Qf1# 0-1

[Event "Sunnyvale Silicon Valley Fall op"]
[Site "Sunnyvale"]
[Date "2023.09.02"]
[Round "4"]
[White "Quesada Perez, Yasser"]
[Black "Cruz, Cristhian"]
[Result "1/2-1/2"]
[WhiteElo "2588"]
[BlackElo "2495"]
[PlyCount "63"]
[EventDate "2023.08.31"]
[EventType "swiss"]
[EventRounds "9"]
[EventCountry "USA"]
[SourceTitle "EXT 2024"]
[Source "ChessBase"]
[SourceDate "2023.10.10"]
[SourceVersion "1"]
[SourceVersionDate "2023.10.10"]
[SourceQuality "1"]

1. d4 e6 2. c4 Nf6 3. g3 d5 4. Bg2 Be7 5. Nf3 0-0 6. 0-0 dxc4 7. Qc2 a6 8. a4 Bd7 9. Rd1 Bc6 10. Bg5 a5 11. Nbd2 Na6 12. Nxc4 Nb4 13. Qb3 Bd5 14. Nfe5 c6 15. Bxf6 Bxf6 16. e4 b5 17. axb5 cxb5 18. exd5 bxc4 19. Nxc4 Nxd5 20. Qb5 Rb8 21. Qxa5 Nb4 22. Qa4 Qe8 23. Nd6 Qe7 24. Nb5 Rfd8 25. Rd2 Qd7 26. Bf1 Nd5 27. Nc3 Qxa4 28. Rxa4 Rb4 29. Rxb4 Nxb4 30. Nb5 Nc6 31. Bg2 Nxd4 32. Nxd4 1/2-1/2

[Event "World op 51st"]
[Site "Philadelphia"]
[Date "2023.07.03"]
[Round "6"]
[White "Lee, Alice"]
[Black "Cruz, Cristhian"]
[Result "1-0"]
[WhiteElo "2390"]
[BlackElo "2522"]
[PlyCount "71"]
[EventDate "2023.06.30"]
[EventType "swiss"]
[EventRounds "9"]
[EventCountry "USA"]
[SourceTitle "CBM 215 Extra"]
[Source "ChessBase"]
[SourceDate "2023.09.30"]
[SourceVersion "1"]
[SourceVersionDate "2023.09.30"]
[SourceQuality "1"]

1. d4 e6 2. c4 Bb4+ 3. Bd2 a5 4. Nf3 d6 5. a3 Bxd2+ 6. Qxd2 Nf6 7. Nc3 0-0 8. e3 Qe7 9. Bd3 e5 10. Bc2 Bg4 11. h3 Bh5 12. g4 Bg6 13. 0-0-0 Nbd7 14. g5 Nh5 15. dxe5 Nxe5 16. Nd5 Qd8 17. Nxe5 dxe5 18. Bxg6 hxg6 19. h4 c6 20. Nc3 Qb6 21. Na4 Qb3 22. Qc2 Qa2 23. Nb6 Rad8 24. Qc3 f6 25. Rxd8 Rxd8 26. Kc2 fxg5 27. hxg5 Rf8 28. Rh2 Rf5 29. Qd3 Qa1 30. Nc8 Qg1 31. Ne7+ Kf7 32. Nxf5 Qxh2 33. Qd7+ Kg8 34. Qe8+ Kh7 35. Ne7 Qxf2+ 36. Kb3 1-0

[Event "World op 51st"]
[Site "Philadelphia"]
[Date "2023.07.02"]
[Round "4"]
[White "Adewumi, Tanitoluwa"]
[Black "Cruz, Cristhian"]
[Result "1/2-1/2"]
[WhiteElo "2283"]
[BlackElo "2522"]
[PlyCount "68"]
[EventDate "2023.06.30"]
[EventType "swiss"]
[EventRounds "9"]
[EventCountry "USA"]
[SourceTitle "CBM 215 Extra"]
[Source "ChessBase"]
[SourceDate "2023.09.30"]
[SourceVersion "1"]
[SourceVersionDate "2023.09.30"]
[SourceQuality "1"]

1. e4 e6 2. d4 d5 3. exd5 exd5 4. Nf3 Nc6 5. Nc3 Be6 6. a3 Bd6 7. Bd3 a6 8. Ng5 Nf6 9. Nxe6 fxe6 10. Bg5 0-0 11. 0-0 h6 12. Be3 e5 13. dxe5 Nxe5 14. Be2 c6 15. f4 Ned7 16. Bd4 Qc7 17. g3 Rae8 18. Bf3 Bc5 19. b4 Bxd4+ 20. Qxd4 Qb6 21. Qxb6 Nxb6 22. Rfe1 Nc4 23. a4 Re3 24. Rxe3 Nxe3 25. Rc1 g5 26. fxg5 hxg5 27. a5 Nd7 28. Be2 Ne5 29. Nd1 Nf5 30. c3 Kg7 31. Nf2 Nd6 32. Kg2 Nf5 33. Kg1 Nd6 34. Kg2 Nf5 1/2-1/2

[Event "Philadelphia op 16th"]
[Site "Philadelphia"]
[Date "2023.06.25"]
[Round "3"]
[White "Cruz, Cristhian"]
[Black "Harutjunyan, Gevorg"]
[Result "1/2-1/2"]
[WhiteElo "2522"]
[BlackElo "2347"]
[PlyCount "118"]
[EventDate "2023.06.24"]
[EventType "swiss"]
[EventRounds "9"]
[EventCountry "USA"]
[SourceTitle "CBM 215 Extra"]
[Source "ChessBase"]
[SourceDate "2023.09.30"]
[SourceVersion "1"]
[SourceVersionDate "2023.09.30"]
[SourceQuality "1"]

1. d4 Nf6 2. c4 g6 3. Nc3 Bg7 4. e4 d6 5. h3 0-0 6. Be3 c5 7. Nf3 Qa5 8. Bd3 cxd4 9. Nxd4 Nc6 10. 0-0 Bd7 11. Nb3 Qd8 12. Rc1 b6 13. a3 Qb8 14. f4 Bc8 15. Nd2 e6 16. Nf3 Bb7 17. Qe2 Nh5 18. Rfd1 f5 19. exf5 Ng3 20. Qe1 Nxf5 21. Bf2 Re8 22. Be4 Na5 23. Bxb7 Qxb7 24. Qe2 Rac8 25. Nb5 e5 26. Nxd6 Nxd6 27. Rxd6 exf4 28. Qd3 Bxb2 29. Rb1 Nxc4 30. Rd7 Qe4 31. Qd1 Bg7 32. Rxa7 Red8 33. Qb3 Rd3 34. Qb4 Bf8 35. Qe1 Qxe1+ 36. Rxe1 Rxa3 37. Rb7 Rd3 38. Ng5 Nd6 39. Rxb6 Nf7 40. Nxf7 Kxf7 41. Rb7+ Kg8 42. Reb1 Rc2 43. R7b2 Rxb2 44. Rxb2 Rd1+ 45. Kh2 Bd6 46. g3 g5 47. h4 Rd3 48. gxf4 gxf4 49. Kg2 h5 50. Rb5 f3+ 51. Kh3 Rd2 52. Bg3 Rd1 53. Rg5+ Kh7 54. Rxh5+ Kg6 55. Rg5+ Kf6 56. Kg4 Bxg3 57. Kxg3 Rg1+ 58. Kxf3 Rxg5 59. hxg5+ Kxg5 1/2-1/2